|
|
|
|
| LEADER |
00974nam a2200217 i 4500 |
| 003 |
GR-PaULI |
| 005 |
20230131142913.0 |
| 008 |
230131t2020 njua|||f |||| 001 0 eng d |
| 952 |
|
|
|0 0
|1 0
|2 ddc
|4 0
|6 747_068000000000000_PIO
|7 0
|9 368194
|a ARCH
|b ARCH
|c BSC
|d 2023-01-31
|i 014157
|l 0
|o 747.068 PIO
|p 025000215404
|r 2023-01-31 00:00:00
|t 1
|w 2023-01-31
|y BK15
|
| 999 |
|
|
|c 215116
|d 215116
|
| 020 |
|
|
|a 9781119554516
|
| 040 |
|
|
|a GR-PaULI
|b gre
|c GR-PaULI
|e AACR2
|
| 082 |
0 |
4 |
|2 23
|a 747.068
|
| 100 |
1 |
|
|9 161198
|a Piotrowski, Christine M.,
|d 1947-
|e συγγραφέας.
|
| 245 |
1 |
0 |
|a Professional practice for interior designers /
|c Christine M. Piotrowski, FASID, IIDA.
|
| 260 |
|
|
|a Hoboken, New Jersey :
|b Wiley,
|c c2020.
|
| 300 |
|
|
|a xvii, 729 σ. :
|b εικ. ;
|c 29 εκ.
|
| 504 |
|
|
|a Περιλαμβάνει βιβλιογραφία και ευρετήριο.
|
| 650 |
|
4 |
|9 195812
|a Εσωτερική διακόσμηση
|x Πρακτική.
|
| 942 |
|
|
|2 ddc
|c BK15
|
| 998 |
|
|
|c ΒΑΣΙΛΕΙΟΥ
|d 2023-01
|